000 00837nam a2200253Ia 4500
003 OSt
005 20221005092546.0
006 a|||||r|||| 00| 0
007 ta
008 221004b |||||||| |||| 00| 0 eng d
020 _a9780415873093 (hbk)
_c1834.26
024 _a105924
037 _b6061, 18/03/2011, Efficient Book Distributors
_cTextual
040 _aCRL
_cCRL
_beng
041 _2eng
_aeng
082 _aP:75(R), Q0
100 _aPorrovecchio Mark J.
_9617483
245 0 _aReengaging the prospects of rhetoric
_b Current conversations and contemporary challenges
260 _aNew York
_bRoutledge USA
_c2010
300 _axiii,204p.
_ccm.
650 _aLINGUISTICS
942 _hP:75(R), Q0
_cTEXL
_2cc
999 _c999015
_d999015